Statistics for Korean : Omma

Click here to take the quiz!

General Stats

  • This quiz has been taken 168 times
  • The average score is 8 of 15

Answer Stats

Answer% Correct
Park Shin-hye
86%
Bae Suzy
84%
Song Hye-kyo
72%
Park Bo-young
68%
Park Min-young
65%
Jun Ji-hyun
60%
Kim Go-eun
60%
Kim Ji-won
57%
Lee Sung-kyung
55%
Go Ara
48%
Ha Ji-Won
38%
Yoon Eun-hye
33%
Shin Min-ah
30%
Chae Soo-bin
28%
Kang So-ra
23%

Score Distribution

Percentile by Number Answered

Percent of People with Each Score

Your Score History

You have not taken this quiz